000 00777nam a2200265Ia 4500
001 Para_4695
003 CHAP
008 220125s1945 xx 000 0 und d
010 _a203136
040 _cCHAP
090 _aPA FOLLETO 2037
100 _aNiederhauser, J. S.
_9168753
245 _aThe rust of greenhouse-Grown spearmint, and its control /
_c J. S. Niederhauser
260 _aIthaca, New York :
_b Agricultural Experiment Station
300 _a30 p.
440 _aNew York. Agr. Exp. Sta. Memoir; 263
_9168754
650 _aYerbabuena
_x Enfermedades
_9123080
901 _aPA FOLLETO 2037
902 _aA
905 _a0000001945 ITH 0000000000 00
910 _a1945
942 _cPARA
942 _cPARA
_d1
999 _c203136
_d203136